Mesto patrilo Uhorsku, spravoval ho poľský kráľ

Bibliographic Details
Main Author: Staviarsky, Štefan, 1934- (Author)
Format: Article
Language:Slovak
PhysicalDescription:Fotogr.
ISSN:1335-7573
Subjects:

MARC

LEADER 00000nab a2200000 ar4500
001 vtls009142818
003 SK-MaSNL
005 20260304034547.0
008 070924c20070719xo dr|n|||||||000 b|slo
038 |a SLLK 
040 |a SLLK  |b slo  |c sllk  |e AACR2 
041 0 |a slo 
044 |a xo  |c SK 
080 |a 94(437.6)  |2 1997 
100 1 |a Staviarsky, Štefan,  |d 1934-  |4 aut  |9 107171 
245 1 0 |a Mesto patrilo Uhorsku, spravoval ho poľský kráľ  |c Štefan Staviarsky 
300 |b Fotogr. 
650 0 7 |a dejiny miest  |2 SNKPH  |9 164833 
651 7 |a Stará Ľubovňa (Slovensko)  |2 snkbucl  |9 19193 
773 0 |t Tatranský denník Korzár  |g Roč. IX, č. 165 (19. 7.2007) s. 16  |x 1335-7573 
852 |a SLLK  |b KIS3GCP 
999 |c 2653748  |d 2655678